000 00512nam a22001697a 4500
003 BD-ChCU
005 20251211143021.0
008 251211b bg ||||| |||| 00| 0 ben d
040 _cBD-ChCU
082 _a329.942 STP
100 _aStewart, Robert.
_918091
245 _aThe politics of protection :
_bLord Derby and the protectionist party 1841-1852.//
_cRobert. Stewart.
260 _aCambridge.
_bUniv. press
_c1971
300 _aviii, 240p
650 0 _aPolitics - Practical.
_918092
942 _2ddc
_cBK
_n0
999 _c110417
_d110417